00501nam a22001577a 4500020001500000040000900015082001600024100002500040110003100065245003400096260003300130650004200163942001200205999001900217952010700236 a0849311403 cNust a610.28bMOO aMooore, James964015 aZouridakis, George9124311 aBiomedical Technology Devices aNew York:bCRC Press,c2004. aBiomedical Technology Devices9124312 2ddccBK c610206d610206 00102ddc4070aCEMEbCEMEcGENd2024-07-09o610.28 MOOpCEME- 46444r2024-07-09w2024-07-09yBKz4.0